[Event "Bremen Silvester op-B"]
[Site "Bremen"]
[Date "2022.12.27"]
[Round "2"]
[White "Weidenhoefer, Ben"]
[Black "Schulze, Lukas"]
[Result "1/2-1/2"]
[WhiteElo "1109"]
[BlackElo "1637"]
[PlyCount "60"]
[EventDate "2022.12.27"]
[EventType "swiss"]
[EventRounds "7"]
[EventCountry "GER"]
[SourceTitle "CBM 211 Extra"]
[Source "ChessBase"]
[SourceDate "2023.01.31"]
[SourceVersion "1"]
[SourceVersionDate "2023.01.31"]
[SourceQuality "1"]

1. d4 Nf6 2. e3 d5 3. Bd3 g6 4. f4 Bg7 5. Nf3 0-0 6. 0-0 Nbd7 7. Ne5 c5 8. c3 a6 9. a4 Qc7 10. Nd2 b6 11. Ndf3 Bb7 12. Bd2 Ne4 13. Qc2 Nxd2 14. Qxd2 c4 15. Bc2 b5 16. axb5 axb5 17. Ng5 Nb6 18. Qf2 h6 19. Rxa8 Bxa8 20. Ngxf7 Rxf7 21. Nxf7 Kxf7 22. Qg3 Qd6 23. h4 Nd7 24. Rf3 Nf8 25. f5 g5 26. Qxd6 exd6 27. hxg5 hxg5 28. g4 Nd7 29. Kh2 Nf6 30. Kh3 Bc6 1/2-1/2

[Event "GER-ch Net blitz qual1"]
[Site "Playchess.com INT"]
[Date "2021.04.24"]
[Round "10"]
[White "Daeuber, Andreas"]
[Black "Schulze, Lukas"]
[Result "1-0"]
[WhiteElo "1705"]
[BlackElo "1546"]
[PlyCount "75"]
[EventDate "2021.04.24"]
[EventType "swiss (blitz)"]
[EventRounds "11"]
[EventCountry "GER"]
[SourceTitle "CBM 202 Extra"]
[Source "ChessBase"]
[SourceDate "2021.07.31"]
[SourceVersion "1"]
[SourceVersionDate "2021.07.31"]
[SourceQuality "1"]

1. d4 Nf6 2. c4 c5 3. d5 b5 4. e3 a6 5. cxb5 axb5 6. Bxb5 Qa5+ 7. Nc3 Ne4 8. Qd3 Nxc3 9. bxc3 g6 10. Nf3 Bg7 11. Bd2 0-0 12. 0-0 d6 13. c4 Bf5 14. e4 Qb6 15. exf5 Bxa1 16. Rxa1 Rc8 17. Bh6 Qa5 18. a4 Qb4 19. Rb1 Qa5 20. fxg6 hxg6 21. Bg5 Qd8 22. Qe4 Ra7 23. Qh4 Qf8 24. Bh6 Qd8 25. Qg3 Nd7 26. Bxd7 Rxd7 27. Bg5 Rb8 28. Re1 Rb2 29. Nh4 Rdb7 30. Bh6 Rb1 31. f3 Rxe1+ 32. Qxe1 Qe8 33. h3 Qb8 34. Qg3 Rb1+ 35. Kh2 Rd1 36. Nxg6 fxg6 37. Qxg6+ Kh8 38. Qg7# 1-0

[Event "GER-ch Net blitz qual1"]
[Site "Playchess.com INT"]
[Date "2021.04.24"]
[Round "4"]
[White "Schulze, Lukas"]
[Black "Grafl, Florian"]
[Result "0-1"]
[WhiteElo "1546"]
[BlackElo "2320"]
[PlyCount "50"]
[EventDate "2021.04.24"]
[EventType "swiss (blitz)"]
[EventRounds "11"]
[EventCountry "GER"]
[SourceTitle "CBM 202 Extra"]
[Source "ChessBase"]
[SourceDate "2021.07.31"]
[SourceVersion "1"]
[SourceVersionDate "2021.07.31"]
[SourceQuality "1"]

1. Nf3 b6 2. g3 Bb7 3. Bg2 f5 4. c4 e6 5. 0-0 Nf6 6. d4 g6 7. Nc3 Bg7 8. b3 0-0 9. Bb2 d6 10. Ng5 Bxg2 11. Kxg2 Qe7 12. Qc2 h6 13. Nf3 e5 14. Nb5 e4 15. Nd2 e3 16. Nf3 exf2 17. Rxf2 Ng4 18. Rff1 Ne3+ 19. Kg1 Nxc2 20. Rac1 Ne3 21. Rfe1 Ng4 22. Nc3 c6 23. Nh4 Qe3+ 24. Kg2 Qf2+ 25. Kh3 Qxh2# 0-1

[Event "GER-ch Net blitz qual4"]
[Site "Playchess.com INT"]
[Date "2020.03.23"]
[Round "1"]
[White "Schulze, Lukas"]
[Black "Becker, Marcel"]
[Result "0-1"]
[WhiteElo "1637"]
[BlackElo "2363"]
[PlyCount "104"]
[EventDate "2020.03.23"]
[EventType "swiss (blitz)"]
[EventRounds "9"]
[EventCountry "GER"]
[SourceTitle "CBM 195 Extra"]
[Source "ChessBase"]
[SourceDate "2020.05.31"]
[SourceVersion "1"]
[SourceVersionDate "2020.05.31"]
[SourceQuality "1"]

1. Nf3 d5 2. c4 c6 3. d4 Nf6 4. Nc3 dxc4 5. e4 b5 6. a4 b4 7. Na2 Nxe4 8. Bxc4 Nd6 9. Bd3 a5 10. Qc2 g6 11. 0-0 Bg7 12. Re1 0-0 13. Bg5 Bf6 14. Bxf6 exf6 15. Bc4 Bf5 16. Qc1 Be4 17. Nd2 Bd5 18. Bxd5 cxd5 19. Qc2 Nf5 20. Nf3 Qb6 21. Rad1 Nc6 22. Qc5 Qxc5 23. dxc5 Rfd8 24. Nc1 Rac8 25. Nb3 h5 26. Rd2 d4 27. Red1 Rd5 28. Nfxd4 Nfxd4 29. Nxd4 Nxd4 30. Rxd4 Rxd4 31. Rxd4 Rxc5 32. f3 Rc1+ 33. Kf2 Rc2+ 34. Ke3 Rxb2 35. g3 Ra2 36. h4 Rxa4 37. Rd3 Ra3 38. Kd2 Rxd3+ 39. Kxd3 a4 40. Kc2 a3 41. Kb3 Kf8 42. g4 Ke7 43. g5 fxg5 44. hxg5 h4 45. f4 h3 46. f5 gxf5 47. g6 fxg6 48. Ka2 h2 49. Kb3 h1Q 50. Ka2 Qd5+ 51. Kb1 Qd2 52. Ka1 Qb2# 0-1

[Event "GER-ch Net blitz qual4"]
[Site "Playchess.com INT"]
[Date "2020.03.23"]
[Round "3"]
[White "Schulze, Lukas"]
[Black "Lambertz, Michael"]
[Result "0-1"]
[WhiteElo "1637"]
[BlackElo "2025"]
[PlyCount "52"]
[EventDate "2020.03.23"]
[EventType "swiss (blitz)"]
[EventRounds "9"]
[EventCountry "GER"]
[SourceTitle "CBM 195 Extra"]
[Source "ChessBase"]
[SourceDate "2020.05.31"]
[SourceVersion "1"]
[SourceVersionDate "2020.05.31"]
[SourceQuality "1"]

1. Nf3 d5 2. c4 e6 3. g3 Nf6 4. Bg2 c6 5. 0-0 dxc4 6. Ne5 Nbd7 7. Nxc4 Nb6 8. b3 Nxc4 9. bxc4 Be7 10. Nc3 0-0 11. Qb3 Rb8 12. Bxc6 e5 13. Bg2 Be6 14. d3 a6 15. Be3 b5 16. cxb5 Bxb3 17. axb3 axb5 18. Ba7 Rc8 19. Nxb5 Qd7 20. Ra5 Bb4 21. Ra4 Qxb5 22. Rfa1 h6 23. Be3 Ng4 24. Bh3 f5 25. Bc1 Rc2 26. f3 Bc5+ 0-1

[Event "GER-ch Net blitz qual4"]
[Site "Playchess.com INT"]
[Date "2020.03.23"]
[Round "5"]
[White "Schulze, Lukas"]
[Black "Schriefer, Leo Hans"]
[Result "0-1"]
[WhiteElo "1637"]
[BlackElo "1037"]
[PlyCount "60"]
[EventDate "2020.03.23"]
[EventType "swiss (blitz)"]
[EventRounds "9"]
[EventCountry "GER"]
[SourceTitle "CBM 195 Extra"]
[Source "ChessBase"]
[SourceDate "2020.05.31"]
[SourceVersion "1"]
[SourceVersionDate "2020.05.31"]
[SourceQuality "1"]

1. Nf3 Nc6 2. d4 d5 3. c4 Nf6 4. cxd5 Nxd5 5. e4 Nb6 6. Bb5 a6 7. Bxc6+ bxc6 8. Qc2 Bb7 9. 0-0 e6 10. Be3 Be7 11. Ne5 Qd6 12. Rc1 Bf6 13. Nxc6 Bxc6 14. Qxc6+ Qxc6 15. Rxc6 Rc8 16. d5 Bxb2 17. Bxb6 Bxa1 18. d6 Be5 19. dxc7 0-0 20. Rc5 Bd4 21. Rc6 Bxb6 22. Rxb6 Rxc7 23. f3 Rfc8 24. Nd2 Rc2 25. Nb3 Rxa2 26. Nc5 h6 27. Nb3 a5 28. h3 a4 29. Nd4 a3 30. Ra6 Ra1+ 0-1

[Event "GER-ch Net blitz qual3"]
[Site "Playchess.com INT"]
[Date "2020.03.21"]
[Round "8"]
[White "Haubold, Christian Lucas"]
[Black "Schulze, Lukas"]
[Result "0-1"]
[WhiteElo "1548"]
[BlackElo "1637"]
[PlyCount "158"]
[EventDate "2020.03.21"]
[EventType "swiss (blitz)"]
[EventRounds "9"]
[EventCountry "GER"]
[SourceTitle "CBM 195 Extra"]
[Source "ChessBase"]
[SourceDate "2020.05.31"]
[SourceVersion "1"]
[SourceVersionDate "2020.05.31"]
[SourceQuality "1"]

1. e4 c5 2. Nf3 d6 3. d4 cxd4 4. Nxd4 Nf6 5. Nc3 g6 6. Bc4 Bg7 7. Be3 0-0 8. f3 Nc6 9. Qd2 d5 10. exd5 Na5 11. Bb3 Nxb3 12. Nxb3 b6 13. 0-0-0 Bb7 14. d6 exd6 15. Qxd6 Re8 16. Nb5 Qxd6 17. Nxd6 Rxe3 18. Nxb7 Re2 19. Rd2 Rxd2 20. Nxd2 Ne8 21. Ne4 Be5 22. Rd1 f5 23. Ned6 Nf6 24. g3 g5 25. Nxf5 Ne8 26. Rd8 Rxd8 27. Nxd8 Nd6 28. Nxd6 Bxd6 29. Nc6 a5 30. a3 Bc5 31. Kd2 Kf7 32. Ne5+ Ke6 33. Nd3 Bd6 34. Ke3 Kd5 35. f4 gxf4+ 36. Nxf4+ Ke5 37. Nd3+ Kd5 38. Nf2 Be5 39. Nd3 Bd6 40. Kf3 h5 41. h3 Ke6 42. g4 hxg4+ 43. hxg4 Be7 44. Kf4 Kf6 45. Ne5 Bd6 46. g5+ Ke6 47. g6 Bxe5+ 48. Kf3 Bxb2 49. a4 Kf6 50. Ke4 Kxg6 51. Kd5 Kf6 52. Kc4 Ke6 53. Kb5 Bd4 54. c3 Bc5 55. c4 Kd6 56. Ka6 Ke5 57. Kb5 Kd4 58. Kc6 Kxc4 59. Kb7 Kb4 60. Ka6 Kxa4 61. Kb7 b5 62. Kc6 b4 63. Kxc5 b3 64. Kc4 b2 65. Kc3 b1Q 66. Kd4 Qb3 67. Ke5 Qc4 68. Kd6 Kb5 69. Ke5 Qd3 70. Kf4 Qd5 71. Ke3 Qc4 72. Kf3 Qd4 73. Ke2 Qc3 74. Kf2 a4 75. Ke2 Kc4 76. Kf2 Kd4 77. Ke2 Qd3+ 78. Kf2 Ke4 79. Kg2 Qe3 0-1

[Event "GER-ch Net blitz qual3"]
[Site "Playchess.com INT"]
[Date "2020.03.21"]
[Round "4"]
[White "Schulze, Lukas"]
[Black "Namyslo, Holger"]
[Result "0-1"]
[WhiteElo "1637"]
[BlackElo "2290"]
[PlyCount "94"]
[EventDate "2020.03.21"]
[EventType "swiss (blitz)"]
[EventRounds "9"]
[EventCountry "GER"]
[SourceTitle "CBM 195 Extra"]
[Source "ChessBase"]
[SourceDate "2020.05.31"]
[SourceVersion "1"]
[SourceVersionDate "2020.05.31"]
[SourceQuality "1"]

1. Nf3 d5 2. c4 e6 3. d4 Nf6 4. g3 Be7 5. Bg2 0-0 6. 0-0 dxc4 7. Qa4 a6 8. Qxc4 b5 9. Qc2 Bb7 10. Bd2 Be4 11. Qb3 Nc6 12. Nc3 Bxf3 13. Bxf3 Nxd4 14. Qd1 Nxf3+ 15. exf3 c5 16. Ne4 Qd5 17. Bg5 Rfd8 18. Nxf6+ Bxf6 19. Bxf6 Qxd1 20. Rfxd1 gxf6 21. Rac1 c4 22. f4 Kf8 23. Kg2 Ke7 24. Kf3 Rxd1 25. Rxd1 Rd8 26. Rxd8 Kxd8 27. Ke4 Kc7 28. f5 Kc6 29. g4 Kc5 30. a3 a5 31. Ke3 b4 32. axb4+ axb4 33. Kd2 Kd4 34. f3 exf5 35. gxf5 Ke5 36. Kc2 Kxf5 37. b3 c3 38. Kd3 Kf4 39. Kc2 Kxf3 40. Kd3 f5 41. Kc2 Ke2 42. Kc1 f4 43. h4 f3 44. Kb1 f2 45. Ka2 f1Q 46. h5 Qc1 47. h6 Qb2# 0-1

[Event "GER-ch Net blitz qual2"]
[Site "Playchess.com INT"]
[Date "2020.03.16"]
[Round "5"]
[White "Koch, Benjamin1111"]
[Black "Schulze, Lukas"]
[Result "0-1"]
[WhiteElo "1595"]
[BlackElo "1637"]
[PlyCount "68"]
[EventDate "2020.03.16"]
[EventType "swiss (blitz)"]
[EventRounds "9"]
[EventCountry "GER"]
[SourceTitle "CBM 195 Extra"]
[Source "ChessBase"]
[SourceDate "2020.05.31"]
[SourceVersion "1"]
[SourceVersionDate "2020.05.31"]
[SourceQuality "1"]

1. c4 e5 2. g3 c6 3. Bg2 Nf6 4. Nc3 Bc5 5. d3 d6 6. Nf3 0-0 7. 0-0 Be6 8. Bg5 Qd7 9. Bxf6 gxf6 10. Ne4 Kg7 11. Nxc5 dxc5 12. Re1 Bh3 13. Bh1 Qc7 14. e3 Qb6 15. Rb1 Nd7 16. Nh4 Kh8 17. Qh5 Rg8 18. Nf5 Bxf5 19. Qxf5 Qc7 20. Be4 Rg7 21. h4 Nb6 22. h5 Qe7 23. h6 Rg6 24. Qh5 Rg5 25. Qf3 Qe6 26. Kg2 Rag8 27. Rh1 f5 28. Bxc6 Qxc6 29. e4 fxe4 30. dxe4 Nxc4 31. Qxf7 Qxe4+ 32. Kh2 Qg6 33. Qxc4 Rh5+ 34. Kg1 Qxb1+ 0-1

[Event "GER-ch Net blitz qual2"]
[Site "Playchess.com INT"]
[Date "2020.03.16"]
[Round "1"]
[White "Schulze, Lukas"]
[Black "Kutzner, Stephen"]
[Result "0-1"]
[WhiteElo "1637"]
[BlackElo "2161"]
[PlyCount "112"]
[EventDate "2020.03.16"]
[EventType "swiss (blitz)"]
[EventRounds "9"]
[EventCountry "GER"]
[SourceTitle "CBM 195 Extra"]
[Source "ChessBase"]
[SourceDate "2020.05.31"]
[SourceVersion "1"]
[SourceVersionDate "2020.05.31"]
[SourceQuality "1"]

1. Nf3 Nf6 2. c4 g6 3. g3 Bg7 4. Bg2 0-0 5. 0-0 c6 6. d4 d5 7. Nc3 dxc4 8. Ne5 Be6 9. Qa4 Nbd7 10. Rd1 Nd5 11. e4 N7b6 12. Qc2 Nb4 13. Qe2 Qc8 14. a3 Na6 15. Bf4 Rd8 16. d5 cxd5 17. exd5 Bf5 18. Be4 Bxe4 19. Qxe4 Nc5 20. Qe2 Nb3 21. Rab1 Qf5 22. Kg2 h6 23. Nxc4 Nd4 24. Qf1 g5 25. Nxb6 axb6 26. Be3 Qf3+ 27. Kg1 Nf5 28. Rd2 Nxe3 29. fxe3 Qxe3+ 30. Kg2 Qxd2+ 31. Qf2 Qxf2+ 32. Kxf2 Bxc3 33. bxc3 Rxd5 34. Rxb6 Rxa3 35. Rxb7 Rxc3 36. Rb8+ Kg7 37. Rb2 e6 38. Re2 Rf5+ 39. Ke1 Rff3 40. Kd2 Rfd3+ 41. Ke1 Re3 42. Rxe3 Rxe3+ 43. Kf2 Re5 44. Kg2 Kg6 45. Kf3 f5 46. Kf2 Ra5 47. Ke3 e5 48. Kf3 e4+ 49. Ke3 Ra3+ 50. Kd2 f4 51. Ke2 Kf5 52. Kf2 Ra2+ 53. Ke1 f3 54. Kf1 e3 55. g4+ Kf4 56. h3 Ra1# 0-1

[Event "GER-ch Net blitz qual2"]
[Site "Playchess.com INT"]
[Date "2020.03.16"]
[Round "3"]
[White "Schulze, Lukas"]
[Black "Tropf, Peter"]
[Result "1-0"]
[WhiteElo "1637"]
[BlackElo "1183"]
[PlyCount "107"]
[EventDate "2020.03.16"]
[EventType "swiss (blitz)"]
[EventRounds "9"]
[EventCountry "GER"]
[SourceTitle "CBM 195 Extra"]
[Source "ChessBase"]
[SourceDate "2020.05.31"]
[SourceVersion "1"]
[SourceVersionDate "2020.05.31"]
[SourceQuality "1"]

1. Nf3 Nf6 2. c4 c6 3. d4 d5 4. Nc3 e6 5. g3 Nbd7 6. Qc2 Be7 7. Bg2 0-0 8. 0-0 h6 9. e4 dxe4 10. Nxe4 Nxe4 11. Qxe4 Nf6 12. Qc2 b5 13. cxb5 cxb5 14. Bf4 Bb7 15. Be5 Rc8 16. Qd3 Qd7 17. Rac1 Be4 18. Qe3 Nd5 19. Qxe4 Rxc1 20. Rxc1 Bf6 21. Bxf6 Nxf6 22. Qc6 Qxc6 23. Rxc6 Rb8 24. Rc7 a5 25. Ne5 Nd5 26. Bxd5 exd5 27. Rxf7 b4 28. Rd7 Rb5 29. Kg2 a4 30. Nc6 b3 31. a3 Kh7 32. Ra7 Rb6 33. Ne7 Re6 34. Nxd5 Rd6 35. Ra5 g6 36. Kf3 g5 37. Ke3 Kg6 38. Nc3 Re6+ 39. Kd2 Kh5 40. Rxa4 Rf6 41. Ke2 Kg4 42. Ne4 Rf3 43. h3+ Kxh3 44. Kxf3 g4+ 45. Ke2 h5 46. Ra5 h4 47. Rh5 Kg2 48. gxh4 Kg1 49. Nc5 g3 50. fxg3 Kh1 51. g4 Kh2 52. g5 Kh3 53. g6 Kh2 54. g7 1-0

[Event "Hannover Bezirks-ch U16"]
[Site "Lehrte"]
[Date "2019.10.05"]
[Round "5.1"]
[White "Schulze, Lukas"]
[Black "Von Knobloch, Tizian"]
[Result "1-0"]
[WhiteElo "1733"]
[BlackElo "1389"]
[PlyCount "79"]
[EventDate "2019.10.03"]
[EventType "swiss"]
[EventRounds "7"]
[EventCountry "GER"]
[SourceTitle "EXT 2023"]
[Source "ChessBase"]
[SourceDate "2022.10.05"]
[SourceVersion "1"]
[SourceVersionDate "2022.10.05"]
[SourceQuality "1"]

1. Nf3 Nc6 2. d4 d5 3. c4 e6 4. g3 Nf6 5. Bg2 Bd6 6. 0-0 0-0 7. Nbd2 b6 8. Qc2 Nb4 9. Qc3 c5 10. a3 Nc6 11. Qd3 Ba6 12. b3 Rc8 13. Bb2 cxd4 14. Nxd4 Nxd4 15. Bxd4 dxc4 16. bxc4 Bc5 17. Bxc5 Rxc5 18. Rac1 Qc7 19. Rfd1 Rd8 20. Qb3 Rc8 21. a4 h6 22. Bf3 Bxc4 23. Nxc4 Rxc4 24. Rxc4 Qxc4 25. Rd8+ Kh7 26. Qb1+ Qc2 27. Qxc2+ Rxc2 28. e4 Rc3 29. Kg2 Ra3 30. e5 Ng8 31. Bd1 Ne7 32. Rd7 Nc6 33. Rxf7 Nxe5 34. Bc2+ Kg8 35. Rxa7 b5 36. Ra5 Rc3 37. Bd1 Rc5 38. Bb3 Nc6 39. Bxe6+ Kh7 40. Rxb5 1-0

[Event "Hannover Bezirks-ch U16"]
[Site "Lehrte"]
[Date "2019.10.03"]
[Round "2.2"]
[White "Braun, Hannes"]
[Black "Schulze, Lukas"]
[Result "0-1"]
[WhiteElo "1212"]
[BlackElo "1733"]
[PlyCount "100"]
[EventDate "2019.10.03"]
[EventType "swiss"]
[EventRounds "7"]
[EventCountry "GER"]
[SourceTitle "EXT 2023"]
[Source "ChessBase"]
[SourceDate "2022.10.05"]
[SourceVersion "1"]
[SourceVersionDate "2022.10.05"]
[SourceQuality "1"]

1. b4 d5 2. Bb2 Nf6 3. e3 Nbd7 4. c4 c6 5. Nf3 g6 6. cxd5 cxd5 7. Bb5 Bg7 8. Bd4 0-0 9. Nc3 Qc7 10. Rc1 Qb8 11. Bxd7 Bxd7 12. Be5 Qd8 13. Na4 Rc8 14. Nc5 Bc6 15. Nd4 Nd7 16. Bxg7 Kxg7 17. Nce6+ fxe6 18. Nxe6+ Kg8 19. Nxd8 Rcxd8 20. a4 Ne5 21. Qb3 e6 22. b5 Be8 23. Qb2 Nd3+ 24. Kf1 Nxb2 25. Rc7 Nxa4 26. Rxb7 Nb6 27. Rxa7 Bxb5+ 28. Ke1 Ra8 29. Rxa8 Rxa8 30. f3 Ra1+ 31. Kf2 Rxh1 32. h4 Rxh4 33. d3 Bxd3 34. e4 Bxe4 35. g4 Bxf3 36. Kf1 Rh2 37. g5 Bh1 38. Kg1 Ra2 39. Kf1 Na8 40. Ke1 Kf7 41. Kf1 Ke7 42. Ke1 Kd6 43. Kd1 Kc5 44. Ke1 Kd4 45. Kd1 Kc3 46. Ke1 Kd3 47. Kf1 Ke3 48. Kg1 Kf3 49. Kxh1 Kg3 50. Kg1 Ra1# 0-1

[Event "Lueneburg op-A"]
[Site "Lueneburg"]
[Date "2019.08.09"]
[Round "7"]
[White "Schulze, Lukas"]
[Black "Wozny, Michael"]
[Result "1-0"]
[WhiteElo "1768"]
[BlackElo "1942"]
[PlyCount "48"]
[EventDate "2019.08.03"]
[EventType "swiss"]
[EventRounds "9"]
[EventCountry "GER"]
[SourceTitle "CBM 191 Extra"]
[Source "ChessBase"]
[SourceDate "2019.09.30"]
[SourceVersion "1"]
[SourceVersionDate "2019.09.30"]
[SourceQuality "1"]

1. Nf3 Nf6 2. c4 g6 3. g3 Bg7 4. Bg2 0-0 5. 0-0 c6 6. d4 d6 7. Nc3 Bg4 8. Qb3 Bxf3 9. Bxf3 Qb6 10. Rd1 Qxb3 11. axb3 Nbd7 12. Bf4 e5 13. dxe5 dxe5 14. Be3 a6 15. Ne4 Rfd8 16. Nd6 Bf8 17. Nxb7 Rdc8 18. Na5 e4 19. Bg2 Bc5 20. Bxc5 Nxc5 21. Rd6 Ne8 22. Rxc6 Rxc6 23. Nxc6 Nxb3 24. Bxe4 Nc5 1-0

[Event "GER-ch U25-B"]
[Site "Willingen"]
[Date "2019.06.15"]
[Round "9"]
[White "Niemann, Leon Pascal"]
[Black "Schulze, Lukas"]
[Result "1/2-1/2"]
[WhiteElo "1702"]
[BlackElo "1643"]
[PlyCount "72"]
[EventDate "2019.06.08"]
[EventType "swiss"]
[EventRounds "9"]
[EventCountry "GER"]
[SourceTitle "EXT 2020"]
[Source "ChessBase"]
[SourceDate "2019.10.17"]
[SourceVersion "1"]
[SourceVersionDate "2019.10.17"]
[SourceQuality "1"]

1. e4 c5 2. Nf3 Nc6 3. d4 cxd4 4. Nxd4 g6 5. Nc3 Bg7 6. Be3 Nf6 7. f3 0-0 8. Bc4 Qb6 9. Bb3 Nxe4 10. Nd5 Qa5+ 11. c3 Nc5 12. Nxc6 dxc6 13. Nxe7+ Kh8 14. Nxc8 Raxc8 15. 0-0 Rcd8 16. Qc2 Rfe8 17. Bf2 Kg8 18. a4 Nd3 19. Rad1 Nxf2 20. Qxf2 Bh6 21. Qc2 Qb6+ 22. Kh1 Re7 23. Ba2 Rde8 24. b4 Re2 25. Qb3 R8e7 26. Qc4 Qe3 27. b5 cxb5 28. axb5 Rc2 29. Rd3 Qe2 30. Rd8+ Kg7 31. Qd4+ Re5 32. Rg1 Rxa2 33. f4 Bxf4 34. Qxf4 Rf5 35. Qd4+ Qe5 36. c4 Qxd4 1/2-1/2

[Event "Niedersachsen-ch op B"]
[Site "Verden"]
[Date "2019.01.06"]
[Round "7"]
[White "Schulze, Lukas"]
[Black "Marzik, Arne"]
[Result "1-0"]
[WhiteElo "1501"]
[BlackElo "1328"]
[PlyCount "49"]
[EventDate "2019.01.03"]
[EventType "swiss"]
[EventRounds "7"]
[EventCountry "GER"]
[SourceTitle "EXT 2022"]
[Source "ChessBase"]
[SourceDate "2021.10.06"]
[SourceVersion "1"]
[SourceVersionDate "2021.10.06"]
[SourceQuality "1"]

1. Nf3 c5 2. c4 Nf6 3. g3 b6 4. Bg2 Bb7 5. 0-0 e6 6. Nc3 d6 7. d4 cxd4 8. Nxd4 Bxg2 9. Kxg2 Be7 10. Bg5 0-0 11. Ndb5 a6 12. Bxf6 gxf6 13. Nd4 Qc7 14. b3 b5 15. Rc1 bxc4 16. Na4 Qb7+ 17. Kg1 cxb3 18. Nxb3 Nc6 19. Rc3 Rac8 20. Qb1 Qb5 21. g4 Qxa4 22. Rh3 h6 23. Rxh6 Qxg4+ 24. Kh1 Qg6 25. Rg1 1-0

[Event "Niedersachsen-ch op B"]
[Site "Verden"]
[Date "2019.01.05"]
[Round "6"]
[White "Eickhoff, Hermann"]
[Black "Schulze, Lukas"]
[Result "1-0"]
[WhiteElo "1672"]
[BlackElo "1501"]
[PlyCount "125"]
[EventDate "2019.01.03"]
[EventType "swiss"]
[EventRounds "7"]
[EventCountry "GER"]
[SourceTitle "EXT 2022"]
[Source "ChessBase"]
[SourceDate "2021.10.06"]
[SourceVersion "1"]
[SourceVersionDate "2021.10.06"]
[SourceQuality "1"]

1. c4 Nf6 2. Nc3 e5 3. Nf3 Nc6 4. g3 Bc5 5. Bg2 d6 6. 0-0 Bf5 7. d3 0-0 8. Bg5 h6 9. Bxf6 Qxf6 10. Nd5 Qd8 11. a3 Nd4 12. b4 Nxf3+ 13. Bxf3 Bd4 14. Ra2 c6 15. Ne3 Bxe3 16. fxe3 Bh3 17. Bg2 Bxg2 18. Kxg2 Qg5 19. e4 Rae8 20. Qd2 Qxd2 21. Rxd2 Re7 22. e3 Rfe8 23. Rdf2 f6 24. h4 c5 25. h5 Rc8 26. Rb1 Rc6 27. Rfb2 b6 28. Kh3 Rd7 29. Kg4 Rc8 30. Kf5 Kf7 31. a4 Rg8 32. Kg4 Rb7 33. bxc5 dxc5 34. a5 Rd8 35. axb6 Rxb6 36. Rxb6 axb6 37. Rxb6 Rxd3 38. Rb7+ Kg8 39. Rc7 Rxe3 40. Rxc5 Rxe4+ 41. Kf5 Re3 42. g4 Kh7 43. Rc8 Rc3 44. c5 Rc2 45. c6 Rc3 46. Ke6 Rd3 47. Re8 Rc3 48. Kd7 g5 49. c7 Rd3+ 50. Ke6 Rc3 51. c8Q Rxc8 52. Rxc8 Kg7 53. Rc7+ Kf8 54. Kxf6 Ke8 55. Re7+ Kd8 56. Rxe5 Kc8 57. Re7 Kd8 58. Ke6 Kc8 59. Rd7 Kb8 60. Kd6 Kc8 61. Kc6 Kb8 62. Rc7 Ka8 63. Kb6 1-0

[Event "Niedersachsen-ch op B"]
[Site "Verden"]
[Date "2019.01.05"]
[Round "5"]
[White "Michelitsch, Mario"]
[Black "Schulze, Lukas"]
[Result "1/2-1/2"]
[WhiteElo "1357"]
[BlackElo "1501"]
[PlyCount "163"]
[EventDate "2019.01.03"]
[EventType "swiss"]
[EventRounds "7"]
[EventCountry "GER"]
[SourceTitle "EXT 2022"]
[Source "ChessBase"]
[SourceDate "2021.10.06"]
[SourceVersion "1"]
[SourceVersionDate "2021.10.06"]
[SourceQuality "1"]

1. e4 c5 2. Nf3 d6 3. d4 cxd4 4. Nxd4 Nf6 5. Nc3 g6 6. g3 Bg7 7. Bg2 Nc6 8. Be3 0-0 9. 0-0 Bd7 10. Qd2 Rc8 11. Nxc6 bxc6 12. Bh6 Qa5 13. Bxg7 Kxg7 14. a3 c5 15. Rfd1 Rb8 16. Rab1 Rb6 17. Nd5 Qxd2 18. Rxd2 Nxd5 19. exd5 Rfb8 20. b3 c4 21. b4 Bf5 22. Bf1 c3 23. Re2 a5 24. Rb3 axb4 25. axb4 Rxb4 26. Rxc3 Rb1 27. Kg2 R8b7 28. Rce3 Rd1 29. f4 Bg4 30. Re1 Rd2+ 31. Kg1 Rxc2 32. h3 Bf5 33. g4 Bc8 34. Rxe7 Rxe7 35. Rxe7 Rc5 36. Bg2 Kf6 37. Re1 Bb7 38. g5+ Kg7 39. Rd1 Rc4 40. Rf1 Rd4 41. f5 Bxd5 42. f6+ Kg8 43. Rb1 h5 44. gxh6 Bxg2 45. Rb8+ Kh7 46. Kxg2 Rf4 47. Kg3 Rxf6 48. Rd8 Kxh6 49. Rd7 Kg7 50. Re7 d5 51. Re3 Rd6 52. Rd3 d4 53. Kf4 Kf6 54. h4 Rd5 55. Ke4 Ke6 56. Kf4 Rf5+ 57. Ke4 Rh5 58. Rh3 Rd5 59. Rd3 Kd6 60. Ra3 f5+ 61. Kd3 Ke5 62. Ra6 Rd6 63. Ra1 f4 64. Ra5+ Rd5 65. Ra8 Kf5 66. Rf8+ Kg4 67. Ke4 Rf5 68. Rg8 Kxh4 69. Rxg6 Rf8 70. Kf3 d3 71. Rd6 Kg5 72. Rxd3 Rf5 73. Rd8 Re5 74. Rg8+ Kf5 75. Rf8+ Kg5 76. Kf2 f3 77. Rg8+ Kh6 78. Kxf3 Rg5 79. Ra8 Kg6 80. Ra6+ Kf7 81. Kf4 Rb5 82. Ra7+ 1/2-1/2

[Event "Erfurt op Amateurs 28th"]
[Site "Erfurt"]
[Date "2018.12.28"]
[Round "3"]
[White "Schulze, Lukas"]
[Black "Ahmadov, Sabir"]
[Result "1-0"]
[WhiteElo "1570"]
[BlackElo "1273"]
[PlyCount "71"]
[EventDate "2018.12.27"]
[EventType "swiss"]
[EventRounds "7"]
[EventCountry "GER"]
[SourceTitle "EXT 2021"]
[Source "ChessBase"]
[SourceDate "2020.10.23"]
[SourceVersion "1"]
[SourceVersionDate "2020.10.23"]
[SourceQuality "1"]

1. Nf3 c5 2. c4 Nf6 3. g3 Nc6 4. Bg2 d5 5. cxd5 Nxd5 6. Nc3 Nxc3 7. bxc3 e5 8. 0-0 Be7 9. d3 0-0 10. Qb3 Rb8 11. Nd2 Be6 12. Qa4 b5 13. Qc2 Qb6 14. Rb1 Rfc8 15. a4 a6 16. Ne4 c4 17. Be3 cxd3 18. exd3 Qc7 19. Bc5 f5 20. Bxe7 fxe4 21. Ba3 exd3 22. Qxd3 Bc4 23. Bd5+ Bxd5 24. Qxd5+ Qf7 25. Qxf7+ Kxf7 26. axb5 axb5 27. Rfd1 e4 28. Rd5 Ra8 29. Bc1 Ne7 30. Rdxb5 Rxc3 31. Rb7 h6 32. Bb2 Rc4 33. Bxg7 Kxg7 34. Rxe7+ Kg6 35. Rb6+ Kh5 36. Rg7 1-0